<?xml version="1.0" encoding="UTF-8"?>
<marc:record xmlns:marc="http://www.loc.gov/MARC21/slim">
   <marc:leader>00000nam a2200000 a 4500</marc:leader>
   <marc:datafield ind1="1" ind2=" " tag="100">
      <marc:subfield code="a">Mayall, Felicitas</marc:subfield>
      <marc:subfield code="4">aut</marc:subfield>
      <marc:subfield code="e">Verfasser/-in</marc:subfield>
   </marc:datafield>
   <marc:datafield ind1="0" ind2="0" tag="245">
      <marc:subfield code="a">Die Löwin aus Cinque Terre</marc:subfield>
   </marc:datafield>
   <marc:datafield ind1="0" ind2="0" tag="245">
      <marc:subfield code="b">Laura Gottbergs dritter Fall ; Roman</marc:subfield>
   </marc:datafield>
   <marc:datafield ind1="0" ind2="0" tag="245">
      <marc:subfield code="c">Felicitas Mayall</marc:subfield>
   </marc:datafield>
   <marc:datafield ind1=" " ind2="1" tag="264">
      <marc:subfield code="a">[Reinbek bei Hamburg]</marc:subfield>
      <marc:subfield code="b">Kindler</marc:subfield>
      <marc:subfield code="c">2006</marc:subfield>
   </marc:datafield>
   <marc:datafield ind1="1" ind2=" " tag="490">
      <marc:subfield code="a">Laura-Gottberg-Reihe</marc:subfield>
   </marc:datafield>
   <marc:datafield ind1=" " ind2=" " tag="250">
      <marc:subfield code="a">1. Aufl.</marc:subfield>
   </marc:datafield>
   <marc:datafield ind1="1" ind2=" " tag="520">
      <marc:subfield code="a">In München ist es Frühling geworden. Für die 18-jährige Valeria Cabun, eine temperamentvolle Italienerin aus Cinque Terre, war es der letzte. Das Mädchen, das als Au-pair bei einem Schwabinger Ärztepaar arbeitete, wird im Hinterhof eines Mietshauses tot aufgefunden. Offenbar hat sie sich aus dem Fenster in den Tod gestürzt. Aber war es wirklich Selbstmord? Kommissarin Laura Gottberg bezweifelt es. Auch in ihrem Privatleben geht es drunter und drüber: Bei ihren türkischen Nachbarn findet ein Familiendrama statt, Angelo Guerrini kündigt für die Ostertage seinen Besuch an. Als Laura endlich ihren Kindern von dem neuen Mann in ihrem Leben erzählt, hängt der Haussegen schief. (Verlagstext)</marc:subfield>
   </marc:datafield>
   <marc:datafield ind1=" " ind2=" " tag="020">
      <marc:subfield code="a">9783463404851</marc:subfield>
      <marc:subfield code="9">9783463404851</marc:subfield>
   </marc:datafield>
   <marc:datafield ind1=" " ind2=" " tag="041">
      <marc:subfield code="a">ger</marc:subfield>
   </marc:datafield>
   <marc:datafield ind1=" " ind2=" " tag="300">
      <marc:subfield code="a">410 S.</marc:subfield>
   </marc:datafield>
</marc:record>
